00578nam a2200193Ia 4500008004100000020000700041082001700048100002600065245002600091250000700117260003500124300002800159500000700187600003300194650001300227942000700240952012200247999001500369240925s9999 xx 000 0 und d aNA a297.1226 KAS aKaseer, Ibne H.E.A 0aTafseer Ibn-e- Kaseer aNA aLahore:bHudaibia publc,1999. aviii,193p.bIIfPirated aNA aHumanities & Natural Science aReligion cBK 001040708HUMaUITUbUITUd2005-02-04eGifted g300.00l0o297.1226 KASpQ6108r2024-09-25 07:14:05w2024-09-25yBK c8607d8607